[Event "WchT 7th"]
[Site "Bursa"]
[Date "2010.01.07"]
[Round "3.2"]
[White "Radjabov, Teimour"]
[Black "Harikrishna, Pentala"]
[Result "1/2-1/2"]
[WhiteElo "2733"]
[BlackElo "2672"]
[Annotator "Ftacnik,L"]
[PlyCount "75"]
[EventDate "2010.01.05"]
[EventType "team-tourn"]
[EventRounds "9"]
[EventCountry "TUR"]
[SourceTitle "CBM 134"]
[Source "ChessBase"]
[SourceDate "2010.01.18"]
[SourceVersion "1"]
[SourceVersionDate "2010.01.18"]
[SourceQuality "1"]
[WhiteTeam "Azerbaijan"]
[BlackTeam "India"]
[WhiteTeamCountry "AZE"]
[BlackTeamCountry "IND"]

1. d4 d5 2. Nf3 Nf6 3. c4 c6 4. Nc3 dxc4 5. a4 Bf5 6. Nh4 {Chess openings are
full of moves and ideas that may seem suspicious at the first glance. White is
fighting against the strong developed bishop with an unseemly looking move.}
Bd7 7. e4 e6 8. Bxc4 Nxe4 $5 9. Nxe4 Qxh4 10. Qf3 Bb4+ {The daring line has
become quite popular. Both sides have to meassure carefully the balance
between the urge to grab material and the necessity to defend weaknesses.} (
10... f5 11. Ng5 Qxd4 12. Qb3 Qb6 13. Qa2 Bb4+ 14. Kf1 Na6 15. Nxe6 Bxe6 16.
Bxe6 Nc7 17. Bf4 Rd8 18. h4 (18. Qc4 Nd5 19. Be5 Nf6 20. Bxf6 gxf6 21. Bxf5 Rd2
22. Qf4 $15) 18... Nd5 19. Qc4 Nxf4 20. Qxf4 Qd4 21. Qc7 Qd3+ 22. Kg1 Qd1+ {
0-1 Ivanisevic,I (2602)-Pikula,D (2513)/Vrsac 2007}) 11. Kf1 Qd8 $6 {Modesty
is a charming virtue, but Harikrishna displays it at the wrong moment. The
retreat of the queen makes a strange impression as the time should be precious
is such a charged position.} (11... h6 12. Bf4 O-O 13. Be5 f5 (13... c5 14.
Nf6+ gxf6 15. Bxf6 Bc6 16. Bxh4 Bxf3 17. gxf3 Nd7 18. Rg1+ Kh7 19. Bb5 Rfd8 20.
Bxd8 Rxd8 21. Bxd7 Rxd7 22. dxc5 $16 {1-0 Doric,D (2470)-Esen,B (2493)/Novi
Sad 2009 (54)}) 14. Ng3 Kh7 (14... Na6 15. Nh5 Nc5 16. Nxg7 Ne4 17. Rd1 Ng5 18.
Qb3 Ne4 19. g3 Qh3+ 20. Kg1 a5 21. f3 Nd2 22. Rxd2 Bxd2 23. Bf1 {1-0
Romanishin,O (2542) -Libiszewski,F (2459)/Calvia 2006/}) 15. Nh5 Be8 16. Nxg7
Nd7 17. Nxe6 Nxe5 18. Nxf8+ Bxf8 19. Qxf5+ Ng6 20. Rd1 Bg7 21. g3 Qf6 22. Qxf6
Bxf6 23. Kg2 Rd8 $11 {1/2-1/2 Borovikov,V (2529)-Kupreichik,V (2472)/Pavlograd
2000 (53)}) (11... Qe7 12. Bg5 Qf8 13. Qg3 f5 14. Nc5 Bxc5 15. dxc5 Qxc5 16.
Rc1 Qb4 17. h4 O-O 18. h5 b5 19. h6 Qxb2 20. hxg7 Qxg7 21. Be2 Na6 22. Qh4 e5
23. Rd1 Be6 24. Rd6 Bd5 25. axb5 Nc5 26. bxc6 Ne6 27. Rxd5 {1-0 Moiseenko,A 
(2643) -Ivanov,V (2495)/Moscow 2008/}) (11... f5 $5 {An ambitious move, that
might have quite a future in this line.} 12. Ng5 Qxd4 13. Qb3 (13. Qh5+ Kd8 14.
Qe2 Kc8 $6 (14... Kc7 15. g3 (15. Be3 Qf6 16. Bf4+ Bd6 17. Bxd6+ Kxd6 $13)
15... Re8 16. Be3 Qg4 17. f3 Qh5 $13) (14... Re8 15. Be3 Qg4 16. f3 Qh5 17. Rd1
Kc8 $13) 15. Nxe6 Qe4 (15... Bxe6 16. Bxe6+ Kc7 17. Bxf5 Na6 $14) 16. Nxg7 Na6
17. f3 Qxe2+ 18. Kxe2 $14) 13... Na6 $2 (13... a5 $1 14. Bxe6 h6 $15 {This
line could be critical for the evaluation of chances for both sides.}) 14. Be3
Qd6 15. Rd1 Qe7 16. Nxe6 Bxe6 17. Bxe6 Nc7 18. Bd7+ Kf8 19. Bxf5 Nd5 20. h4 g6
21. Bh6+ Kf7 22. Bg4 $16 {1-0 Greenfeld,A (2559)-Burg,T (2460)/Groningen 2009 
(42)}) 12. Qg3 Kf8 (12... O-O 13. Bh6 g6 14. h4 $1 b5 (14... Re8 15. Qe5 Bf8
16. Bxf8 Kxf8 17. h5 $18) 15. Be2 Be7 16. h5 $16) (12... Bf8 13. Bf4 Na6 14.
Nd6+ Bxd6 15. Bxd6 Rg8 16. Bd3 $16) 13. Bf4 Be8 $2 {The defender is moving
once again with a piece that is already developed.} (13... Na6 14. h4 Qb6 15.
Be5 f6 16. Bd6+ Kf7 17. Rd1 $16) 14. Be5 f6 (14... Rg8 15. Ng5 h6 16. Nh7+ Ke7
17. Bxg7 $18) 15. Bd6+ Bxd6 16. Nxd6 Bg6 (16... Qc7 17. Re1 Na6 18. Rxe6 $16)
17. Re1 {Radjabov has achieved a decisive advantage.} e5 (17... Qb6 18. Qa3 Na6
19. Nf7+ $1 Qb4 (19... Kxf7 20. Bxe6+ Ke8 21. Bf5+ $18) 20. Nxh8 $18) 18. dxe5
Nd7 19. Nxb7 {Choosing the most efficient winning continuation was not easy as
most sensible moves should be winning. The simple exchange on f6 certainly did
deserve attention.} (19. exf6 Qxf6 (19... Nxf6 20. Qa3 $18) 20. h4 Bh5 21. Kg1
c5 22. Re6 Qxb2 23. Nf5 $18) 19... Qc7 20. Qa3+ c5 21. exf6 (21. e6 Qxb7 22.
exd7 Qb4 23. Qxb4 cxb4 24. Bb5 Kf7 25. Re8 Bf5 26. Bc6 $18) 21... gxf6 22. Bd5
$6 {White had clearly lost his concentration, otherwise he would easily have
found the decisive queen move.} (22. Qe3 $1 Ne5 (22... Re8 $2 23. Qh6#) (22...
Kg7 23. Qe7+ Kh6 24. Re3 Qxb7 25. Rh3+ Bh5 (25... Kg5 26. Qe3+ Kg4 27. Be6+ $18
) 26. Qf7 $18) 23. Qh6+ Qg7 24. Qf4 Bf7 (24... Nxc4 25. Nxc5) 25. Bxf7 Qxf7 26.
Nd6 Qe6 27. Ne4 Kg7 28. h4 $16) 22... Re8 23. Rxe8+ Bxe8 24. Qe3 (24. h4 Bf7
25. Qf3 Qe5 26. Bxf7 Kxf7 27. Rh3 Re8 28. Qd1 $16) 24... Bf7 25. Qh6+ Ke7 (
25... Kg8 26. Qh5 Ne5 27. Bxf7+ Qxf7 28. Qxf7+ Kxf7 29. Nxc5 $16) 26. Qe3+ (26.
Qg7 Ne5 27. Ke2 Rg8 28. Qxh7 Rh8 29. Qxh8 Bxd5 30. Qg7+ Nf7 31. Re1 Qxb7 32.
Kf1+ Be6 33. Qg3 $16) 26... Kf8 (26... Qe5 27. Qxe5+ Nxe5 28. Bxf7 Kxf7 29.
Nxc5 $16) 27. Qd2 $6 {Nothing was convincing any more even though White's
position still promised a lot. Radjabov will manage to lose all traces of an
advantage.} (27. Qe4 $1 Ne5 28. f4 Bxd5 29. Qxd5 Nd3 30. Nd6 c4 (30... Nxf4 31.
Qa8+ Kg7 32. Nf5+ Kg6 33. Qxh8 $16) 31. g3 $16) 27... Ne5 28. Bxf7 Qxb7 (28...
Qxf7 29. Nd6 Qa2 30. g3 Qxa4 31. Qd5 Qc6 32. Qxc6 Nxc6 33. Kg2 $14) 29. Bd5
Qa6+ 30. Qe2 (30. Kg1 Qxa4 31. g3 Qd4 32. Qxd4 cxd4 33. Kg2 Ke7 34. Rd1 Rb8 35.
Rxd4 Rxb2 36. Bg8 $14) 30... Qxa4 31. g3 Qd4 $1 32. Be4 Kg7 33. Kg2 Rb8 {
Black's pieces are perfectly centralised so even the vulnerable king is not a
problem any more.} 34. Ra1 (34. Rb1 Rb4 35. Bf3 c4 $11) (34. Rd1 Rxb2 35. Rxd4
Rxe2 36. Ra4 a5 37. Kf1 Rb2 38. Rxa5 Ng4 $11) 34... Rxb2 35. Rxa7+ Kf8 (35...
Kg8 36. Ra8+ (36. Bxh7+ Kf8 37. Qe1 Rb4 38. Qe3 $11) 36... Kg7 37. Ra7+ $11)
36. Ra8+ Kg7 37. Ra7+ Kf8 38. Ra8+ 1/2-1/2

[Event "WchT 7th"]
[Site "Bursa"]
[Date "2010.01.11"]
[Round "7.1"]
[White "Vescovi, Giovanni P"]
[Black "Radjabov, Teimour"]
[Result "0-1"]
[WhiteElo "2660"]
[BlackElo "2733"]
[Annotator "Ftacnik,L"]
[PlyCount "70"]
[EventDate "2010.01.05"]
[EventType "team-tourn"]
[EventRounds "9"]
[EventCountry "TUR"]
[SourceTitle "CBM 134"]
[Source "ChessBase"]
[SourceDate "2010.01.18"]
[SourceVersion "1"]
[SourceVersionDate "2010.01.18"]
[SourceQuality "1"]
[WhiteTeam "Brazil"]
[BlackTeam "Azerbaijan"]
[WhiteTeamCountry "BRA"]
[BlackTeamCountry "AZE"]

1. d4 Nf6 2. c4 g6 3. Nc3 Bg7 4. e4 d6 5. Nf3 O-O 6. h3 e5 7. d5 Nh5 8. g3 a5 (
8... f5 9. exf5 gxf5 10. Ng5) 9. Bg2 {Most players choosing the line with 8.g3
have tried to perceive it as a barrier against the move of the knight to f4.
Vescovi goes all the way and pretends he played the line with Bg2 in mind all
along.} (9. Be2 Na6 10. Nd2 (10. Be3 Bd7 11. Nd2 Nf6 12. g4 c6 13. h4 Ne8 14.
h5 Bf6 15. Nf1 Bg5 16. Qd2 h6 17. hxg6 fxg6 18. Bxg5 hxg5 19. f3 Qf6 20. O-O-O
$16 {1-0 Dao Thien Hai (2510)-Markos,J (2557)/Beijing 2008 (37)}) 10... Nf6 11.
a3 Nc5 12. b3 Bd7 13. Rb1 Bh6 14. Qc2 Bxd2+ 15. Bxd2 Nfxe4 16. Nxe4 Nxe4 17.
Bh6 Re8 18. h4 Nc5 19. Qc3 Qf6 20. Qe3 Bf5 $17 {1/2-1/2 Morozevich,A (2787)
-Jones,G (2548)/Dresden 2008 (24)}) (9. Nh2 Na6 10. Be2 Nf6 11. Ng4 Nc5 12.
Nxf6+ (12. Bg5 Bxg4 13. hxg4 h6 14. Bxf6 Qxf6 15. Qd2 Qe7 16. O-O-O a4 17. Kb1
Ra6 18. Bd3 Rfa8 19. Bc2 Rb6 20. a3 Qg5 {1/2-1/2 Potapov,A (2475)-Shchekachev,
A (2560)/St Petersburg 1998}) 12... Qxf6 13. h4 Qe7 14. h5 gxh5 15. Be3 (15.
Rxh5 f5 16. Be3 f4 17. Bxc5 dxc5 18. Bg4 fxg3 19. fxg3 Qf6 20. Bf5 Bxf5 21.
exf5 e4 22. Qd2 e3 23. Qd3 $11 {1/2-1/2 Krylov,M (2459)-Fedorov,A (2584)/
Vladimir 2009 (33)}) 15... f5 16. Bxc5 dxc5 17. Bd3 Ra6 18. Rxh5 f4 19. g4 f3
20. Rf5 Bxf5 21. exf5 e4 22. Nxe4 h5 $17 {1/2-1/2 Lysyj,I (2620)-Gallagher,J 
(2480)/Budva 2009 (58)}) 9... Na6 10. O-O Nc5 11. Be3 Bd7 {The line in this
form is rather rare, one known predeccesor game went rather well for Black
despite the loss of a tempo.} (11... Qe7 12. Ne1 Bd7 13. b3 Qe8 14. Rc1 f5 15.
exf5 gxf5 16. Bf3 Nf6 17. Bg2 b6 18. Nd3 Nxd3 19. Qxd3 Qh5 20. f4 e4 21. Qd1
$11 {0-1 Hevesi,Z (2163)-Kiss,J/Hungary 2002 (31)}) 12. Ne1 b6 13. Kh2 (13. Nd3
Qc8 (13... Nxd3 14. Qxd3 f5 15. exf5 Bxf5 16. Qd2 Nf6 17. g4 Bd7 18. f4 $16)
14. Kh2 Qa6 $11) 13... Qe8 14. Bf3 f5 15. exf5 (15. Bxc5 bxc5 16. Bxh5 gxh5 17.
Nd3 Qg6 18. Qe2 h4 19. Rg1 fxe4 20. Nxe4 Qf5 21. g4 Qg6 $13) 15... e4 $1 16.
Be2 {White is wisely exercising restrain as Black has no easy solution for the
recapturing of the f5-pawn.} (16. Bxh5 gxh5 17. Nc2 Bxc3 18. bxc3 Rxf5 19. Nd4
Rf7 $11) 16... Bxf5 17. g4 Qe5+ 18. Kg1 (18. Kg2 $2 Nf4+ 19. Bxf4 Qxf4 20. gxf5
Be5 21. Rh1 Rxf5 $19) 18... Nf4 $6 {Objectively speaking this daring move of
the knight is probably not justified enough. The other approach of the cavalry
would at least have grabbed the rook along the way.} (18... Ng3 $5 19. gxf5
Nxf1 20. Bxf1 Qxf5 21. Qd2 $14) 19. Bxf4 Qxf4 20. Ng2 (20. gxf5 $2 Be5 $19)
20... Qh6 21. gxf5 gxf5 (21... Be5 22. f4 (22. h4 gxf5 23. f4 Bf6 24. Nb5 Rf7
25. Nd4 $16) 22... exf3 23. Rxf3 Rxf5 24. Rxf5 gxf5 25. h4 $16) 22. f4 $2 {
Vescovi is fixing the pawn structure in the belief that his opponent will have
no efficient way to approach his king. Unfortunately his choice is false and
the immediate opposition of the queens was the key to the success.} (22. Qc1 $1
Qxh3 (22... f4 23. Bg4 Be5 24. f3 e3 25. Qc2 $16) 23. Qg5 h6 24. Qe3 Qxe3 25.
fxe3 $16) 22... Qxh3 23. Qd2 Kf7 24. Rfe1 $6 {In cosmic terms the rook retreat
might not be weaker than the obvious queen move 24.Qe3. Despite everything it
had to be played as it required very courageous and exact play from Radjabov.}
(24. Qe3 Bd4 $1 25. Qxd4 Rg8 26. Rf2 (26. Qf2 Rg6 27. Rfe1 Rag8 28. Bf1 Rh6 29.
Qe3 Qh2+ 30. Kf2 Nd3+ $19) 26... Rg3 $1 (26... e3 27. Bh5+ Qxh5 28. Qxe3 $16)
27. Re1 Rag8 28. Bf1 R8g6 29. Rd2 Nd3 $19) 24... Rg8 25. Bf1 Nd3 26. Nb5 (26.
Ne2 Bf6 27. a4 Bh4 28. Nd4 Nxe1 29. Qxe1 Bg3 $19) 26... Bh6 27. Re3 Nxf4 $1 {
[%mdl 128] The final phase of this game is a pure joy to watch as Black makes
use of some unconventional tactical ideas to obtain a speedy solution.} 28.
Rxh3 (28. Nd4 Qh5 29. Rae1 Rg6 $19) 28... Nxh3+ 29. Kh2 Bxd2 30. Kxh3 (30. Rd1
Ng5 31. Nd4 Nf3+ 32. Nxf3 exf3 $19) 30... Rg5 $1 {Doubling the rooks on the
g-file will considerably shorten White's pain.} 31. Rd1 Rag8 32. Rxd2 (32. Nd4
Be3 $19) 32... Rh5+ 33. Nh4 Rg4 34. Kh2 Rgxh4+ 35. Kg1 (35. Kg3 f4+ 36. Kf2 e3+
$19) 35... Rh1+ {The only problem left for Black would be the choice between
excellent solutions.} (35... Rh1+ 36. Kf2 e3+ (36... R5h2+ 37. Bg2 f4 $19) 37.
Kxe3 Rxf1 $19) 0-1

[Event "Baku Presidents Cup"]
[Site "Baku"]
[Date "2010.04.29"]
[Round "1"]
[White "Kamsky, Gata"]
[Black "Radjabov, Teimour"]
[Result "1-0"]
[WhiteElo "2702"]
[BlackElo "2740"]
[PlyCount "81"]
[EventDate "2010.04.29"]
[EventType "tourn (rapid)"]
[EventRounds "7"]
[EventCountry "AZE"]
[EventCategory "18"]
[SourceTitle "CBM 136 Extra"]
[Source "ChessBase"]
[SourceDate "2010.07.02"]
[SourceVersion "2"]
[SourceVersionDate "2010.07.15"]
[SourceQuality "1"]

1. d4 Nf6 2. Nf3 g6 3. Bg5 Bg7 4. Nbd2 d6 5. c3 Nbd7 6. e4 h6 7. Bh4 g5 8. Bg3
Nh5 9. Nc4 Nxg3 10. hxg3 e6 11. Bd3 Qe7 12. Qe2 b6 13. O-O-O Bb7 14. Ne3 a6 15.
Kb1 b5 16. Bc2 Nb6 17. Nd2 c5 18. dxc5 dxc5 19. f4 O-O-O 20. e5 Kb8 21. a4 c4
22. axb5 axb5 23. Ne4 gxf4 24. gxf4 Nd5 25. Nxd5 exd5 26. Ng3 Bf8 27. Nf5 Qc7
28. b4 cxb3 29. Bxb3 Rg8 30. Rh3 Rg6 31. Rhd3 b4 32. c4 d4 33. Nxd4 Rxg2 34.
Nc6+ Qxc6 35. Rxd8+ Ka7 36. Qd3 Bc5 37. Rd7 Rf2 38. Qd5 Qg6+ 39. Rd3 Rf1+ 40.
Kb2 Rf2+ 41. Bc2 1-0

[Event "Baku Presidents Cup"]
[Site "Baku"]
[Date "2010.05.01"]
[Round "7"]
[White "Radjabov, Teimour"]
[Black "Guseinov, Gadir"]
[Result "1-0"]
[WhiteElo "2740"]
[BlackElo "2609"]
[PlyCount "115"]
[EventDate "2010.04.29"]
[EventType "tourn (rapid)"]
[EventRounds "7"]
[EventCountry "AZE"]
[EventCategory "18"]
[SourceTitle "CBM 136 Extra"]
[Source "ChessBase"]
[SourceDate "2010.07.02"]
[SourceVersion "2"]
[SourceVersionDate "2010.07.15"]
[SourceQuality "1"]

1. d4 Nf6 2. c4 g6 3. Nc3 Bg7 4. e4 d6 5. Nf3 O-O 6. Be2 Bg4 7. Be3 Nfd7 8. O-O
c5 9. d5 Na6 10. h3 Bxf3 11. Bxf3 Nc7 12. Be2 Re8 13. Qd2 a6 14. a4 e6 15. Rae1
exd5 16. exd5 a5 17. g3 f5 18. Kg2 Nf6 19. Bd3 Qd7 20. Bg5 Rxe1 21. Rxe1 Re8
22. b3 Rxe1 23. Qxe1 Qe8 24. Qxe8+ Nfxe8 25. Ne2 Nf6 26. Bf4 Bf8 27. f3 Kf7 28.
Bd2 b6 29. g4 fxg4 30. hxg4 Nd7 31. Bc2 Bg7 32. Ng3 Nf6 33. Kh3 Nce8 34. Bb1
Ke7 35. f4 Kf7 36. f5 Nd7 37. Ne4 Bf6 38. g5 Be5 39. f6 Nf8 40. Kg4 h6 41. gxh6
Nh7 42. Ng5+ Nxg5 43. Bxg5 Nxf6+ 44. Kf3 Nd7 45. Bd8 Bf6 46. Bc7 Bg5 47. h7 Kg7
48. h8=Q+ Kxh8 49. Bxg6 Ne5+ 50. Ke4 Nxg6 51. Kf5 Kg7 52. Kxg5 Ne5 53. Bxb6
Nf3+ 54. Kf4 Nd4 55. Bxa5 Kf7 56. Bc3 Ne2+ 57. Ke3 Nxc3 58. a5 1-0

[Event "Astrakhan FIDE GP"]
[Site "Astrakhan"]
[Date "2010.05.11"]
[Round "2"]
[White "Radjabov, Teimour"]
[Black "Inarkiev, Ernesto"]
[Result "1/2-1/2"]
[WhiteElo "2740"]
[BlackElo "2669"]
[PlyCount "55"]
[EventDate "2010.05.10"]
[EventType "tourn"]
[EventRounds "13"]
[EventCountry "RUS"]
[EventCategory "20"]
[SourceTitle "CBM 137"]
[Source "ChessBase"]
[SourceDate "2010.07.15"]
[SourceVersion "1"]
[SourceVersionDate "2010.07.15"]
[SourceQuality "1"]

1. e4 e5 2. Nf3 Nc6 3. d4 exd4 4. Nxd4 Bc5 5. Nxc6 Qf6 6. Qf3 bxc6 7. Nd2 d6 8.
Be2 Qxf3 9. gxf3 Ne7 10. Rg1 g6 11. h4 f5 12. h5 Be6 13. Nb3 Bb6 14. Be3 Bxe3
15. fxe3 fxe4 16. fxe4 gxh5 17. Bxh5+ Ng6 18. Bxg6+ hxg6 19. Rxg6 Rh4 20. Kd2
Rxe4 21. Nd4 Bd5 22. b3 c5 23. Nb5 Re7 24. Rag1 Kd7 25. Rg7 Rae8 26. Rxe7+ Rxe7
27. Nc3 Bc6 28. Rf1 1/2-1/2

[Event "Astrakhan FIDE GP"]
[Site "Astrakhan"]
[Date "2010.05.16"]
[Round "6"]
[White "Ivanchuk, Vassily"]
[Black "Radjabov, Teimour"]
[Result "1/2-1/2"]
[WhiteElo "2741"]
[BlackElo "2740"]
[Annotator "Radjabov,T"]
[PlyCount "114"]
[EventDate "2010.05.10"]
[EventType "tourn"]
[EventRounds "13"]
[EventCountry "RUS"]
[EventCategory "20"]
[SourceTitle "CBM 137"]
[Source "ChessBase"]
[SourceDate "2010.07.15"]
[SourceVersion "1"]
[SourceVersionDate "2010.07.15"]
[SourceQuality "1"]

1. c4 Nf6 2. Nc3 g6 3. g3 c6 4. e4 d5 5. cxd5 cxd5 {Yes, a few guys started to
joke around; come on man, is it a thematic tournament that you are playing in
or what? 4th time in a row as Black I got the same g3-line. Well, it was
getting to something principal already :)} 6. e5 Ne4 7. Bg2 Nc6 8. d4 Nxc3 9.
bxc3 Bf5 {Development, White has his weaknesses on the queen's flank, but
Black's bishop is nearly trapped and to exploit the c3-pawn is far from easy.
Now both sides develop their pieces and Ivanchuk immediately starts to press
against the f5-bishop.} 10. Ne2 e6 11. Nf4 h5 12. h3 Bh6 $5 (12... Qa5 $5 13.
Bd2 Bh6 14. Ne2 Bxd2+ 15. Qxd2 Qa6 {Pure equaliser!} (15... Qa3 $5 {If Black
is looking for more, he can try it.} 16. O-O Na5 $15) 16. O-O Bd3 17. Rfe1 Bxe2
18. Rxe2 Na5 $11) 13. Ne2 (13. O-O Qa5 (13... Rc8 $5 {Very interesting too.
Now c3 is attacked in many lines and it is not sure how White should play here.
} 14. Nd3 Bf8 $5 (14... Bxc1 15. Rxc1 Bxd3 16. Qxd3 Na5 $15)) 14. Qb3 Qa6 $11 (
14... Qb6 $11)) 13... Bf8 (13... Bxc1 $1 {seems to be better.} 14. Rxc1 Qa5 $13
(14... Na5 15. O-O g5 $15)) 14. f3 g5 $5 15. h4 (15. g4 hxg4 $1 (15... Bg6 16.
O-O Be7 17. f4 hxg4 18. hxg4 gxf4 19. Nxf4 Be4 20. Nh5 Bxg2 21. Kxg2 Qa5 $13 (
21... Kd7 $5 {with some tricks :)} 22. Rxf7 Rxh5 $19)) 16. fxg4 Bg6 $11) 15...
gxh4 16. Rxh4 Be7 {Black develops naturally and gets a very good position.} 17.
Rh2 Qa5 18. Bh3 Bxh3 (18... Bh7 $5 19. Bd2 O-O-O 20. Nf4 h4 21. g4 Kb8 {
with Qc7-Na4-c4 to follow, Black is great!}) 19. Rxh3 O-O-O 20. Qd3 Kb8 {
Logical, especially if Black wants to play on the c-file or in the centre.} 21.
Kf2 Qa4 $5 (21... h4 22. g4 Qa4 23. Be3 Na5 24. Kg2 Nc4 25. Bf2 Rc8 {and
Rc6-b6-b2 for example} 26. f4 Rc6 27. g5 Rb6 $15) 22. Be3 Rc8 {h5-h4 still
deserved attention here too.} 23. Rah1 (23. Qd1 Qa6 24. Qh1 h4 25. gxh4 f6 26.
exf6 Bxf6 27. Bg5 Bd8 28. Bxd8 Rcxd8 29. h5 e5 30. h6 Rde8 $15) 23... Qxa2 24.
Rxh5 Rxh5 25. Rxh5 a5 {Very logical again, the a-pawn now keeps all the white
pieces busy with defence. But Ivanchuk follows his initial plan and goes for
the f7-pawn.} 26. Rh7 a4 27. Rxf7 a3 28. Rh7 {The rook has to come back,
otherwise the a-pawn will be promoted to queen:)} Qb2 $6 (28... Qa1 $5 29. Bc1
a2 {and Qb1 next taking the h7-rook.}) 29. Bc1 Qb3 30. Bxa3 Bxa3 {Black has
won a piece but to win this position is very hard, as White has easy pawn
pushes and there is no clear plan for Black. Ivanchuk played quickly:} 31. g4
Na5 $5 (31... Na7 $5 {An interesting suggestion by the computer, attacking c3
and redeploying the knight, but g5-g6 looks strong, still doesn't work, so
objectively it was the best probably.} 32. g5 Nb5 33. g6 Nxc3 $17) 32. Qg6 Qb2
(32... Bb2 $3 33. Qxe6 Bxc3 {and due to bad coordination and no defensive
pieces, White is under mega pressure. Normally 0-1 here.} 34. Qd6+ Ka7 35. Nxc3
(35. Rc7 Rxc7 36. Qxc7 Nc6 $19) 35... Rxc3) 33. Qxe6 Rxc3 34. Qxd5 (34. Qg8+ $5
{was maybe stronger.} Ka7 35. Qxd5 Nc6 36. Qe4 Rc2 37. Kg3 (37. Rd7 Bb4 $17)
37... Be7 38. Rh2 Rd2 39. Qe3 Ka6 $15) 34... Nc6 35. e6 (35. Qd7 Rc2 36. Kg3
Qb1 37. d5 Qe1+ 38. Kf4 Na5 $17) 35... Rc2 36. Qe4 Qxd4+ 37. Qxd4 Nxd4 38. Ke3
Nxe6 39. f4 Rc4 40. Rf7 Rc7 41. Rf6 Re7 {A few very strong moves by Black and
now the position looks winning! There followed:} 42. Kf3 b5 43. Rg6 (43. Rf5
Bc5 44. Re5 b4 $19) 43... Bc5 $1 {And White is lost!} 44. f5 Nf8 $4 {Doesn't
spoil anything probably, but complicates everything really badly. ...Nc7 was
just killing in one.} (44... Nc7 $1 $19 {The difference between this and ...
Nf8 is, that after Rc6 that was played in the game, Black has ...Re3+, then
after Kf4 just ...Nd5+ followed by ...Be7! and Black wins!} 45. Rc6 Re3+ 46.
Kf2 (46. Kf4 Nd5+ 47. Kg5 Be7+ $19) 46... Re5+ 47. Kf3 b4 {and it's not a pawn
- it's a queen.}) 45. Rc6 Nd7 46. Re6 b4 $6 (46... Ne5+ $1 47. Ke4 (47. Kf4
Rxe6 48. fxe6 Nc6 {which looks to be winning after Kc7-d6 comes and eats up
all the pawns.}) 47... Rxe6 48. fxe6 Nxg4 49. Kd5 Bf8 {And this seems to be
winning!} 50. Nd4 b4 51. Kc4 Kc7 $19) 47. g5 b3 48. Nc3 Ne5+ $2 $11 (48... Rh7
$1 49. g6 Rh3+ 50. Kg4 Rh1 $19) (48... b2 $6 49. Rxe7 Bxe7 50. f6 Bd6 51. Nb1
Be5 52. Ke4 Kb7 53. Kd3 Kc6 54. Kc2 Kb5 55. Nd2 Kc5 56. Kb3 Nb6 {retaining
practical chances!}) 49. Ke4 Nf7 50. Rxe7 Bxe7 51. g6 Nd6+ 52. Kd3 {The rest
is simple, draw by force.} Nxf5 53. Kc4 b2 54. Kb3 Bf6 55. Kxb2 Ne7 56. Kc2
Bxc3 57. Kxc3 Nxg6 1/2-1/2

[Event "Astrakhan FIDE GP"]
[Site "Astrakhan"]
[Date "2010.05.17"]
[Round "7"]
[White "Radjabov, Teimour"]
[Black "Jakovenko, Dmitrij"]
[Result "1/2-1/2"]
[WhiteElo "2740"]
[BlackElo "2725"]
[PlyCount "131"]
[EventDate "2010.05.10"]
[EventType "tourn"]
[EventRounds "13"]
[EventCountry "RUS"]
[EventCategory "20"]
[SourceTitle "CBM 137"]
[Source "ChessBase"]
[SourceDate "2010.07.15"]
[SourceVersion "1"]
[SourceVersionDate "2010.07.15"]
[SourceQuality "1"]

1. d4 Nf6 2. c4 e6 3. Nf3 d5 4. g3 Bb4+ 5. Bd2 Be7 6. Bg2 O-O 7. O-O c6 8. Qc2
Nbd7 9. Rd1 b6 10. b3 Bb7 11. Nc3 h6 12. Bf4 Nh5 13. Bc1 f5 14. Ne5 Bd6 15. Bf3
Nhf6 16. Ng6 Rf7 17. Bf4 Bxf4 18. Nxf4 Nf8 19. Bg2 Rc7 20. e3 Qe7 21. Qb2 Rac8
22. Rac1 Ba6 23. Na4 N8d7 24. Nd3 Bb7 25. Nc3 Ba6 26. Ne2 Bb7 27. Nef4 Kh7 28.
Ne5 Nxe5 29. dxe5 Nd7 30. h4 g5 31. hxg5 hxg5 32. Nh3 Nf8 33. f4 g4 34. Ng5+
Kg6 35. Kf2 Nh7 36. Nxh7 Kxh7 37. Rh1+ Kg7 38. Qa1 Rd7 39. c5 Rdd8 40. Qd4 Qc7
41. b4 b5 42. Rcd1 Kg6 43. Rh4 Rh8 44. Rdh1 Rxh4 45. Rxh4 Kg7 46. a4 bxa4 47.
Qa1 Rh8 48. Rxh8 Kxh8 49. Qxa4 Bc8 50. Bf1 Kg7 51. Ke1 Kf8 52. Kd2 Ke7 53. Be2
Kd8 54. Kc3 Qb7 55. Kd4 Kc7 56. Kc3 Kb8 57. Bd3 Qc7 58. Be2 Bb7 59. Kd2 Bc8 60.
Bf1 Qb7 61. Kc3 Qc7 62. Kd4 Qb7 63. Bd3 Qc7 64. Qb3 Qb7 65. Qa4 Qc7 66. Qb3
1/2-1/2